| 000 | 01216cam a2200265 4500 | ||
|---|---|---|---|
| 001 | ABS64496 | ||
| 008 | 011009n2001 000 0 eng u | ||
| 035 | _a(Sirsi) u115044 | ||
| 100 | _aSnow, J. | ||
| 245 | _aBad call crashed the data centres | ||
| 260 | _c2001 | ||
| 490 |
_aEstates Gazette _v(0140) 6 October 2001, 148-149(2) |
||
| 520 | _aThe predicted huge demand for data centres never materialised, and the UK colocation market now appears to be in crisis. Over the past Q there have been numerous stories illustrating the malaise that has gripped the business. Looks at the history of colocation demand, and the reasons why the market has slumped. Also discusses whether the concept of colocation is still valid. Contends that it does have a future, suggesting that the growth of internet use and the take-up of broadband access will be the main drivers of demand for data centre space. | ||
| 590 | _aABS | ||
| 650 | _aCO-LOCATION FACILITIES | ||
| 650 | _aOUTSOURCING | ||
| 650 | _aDATA CENTRES | ||
| 650 | _aMARKET | ||
| 650 | _aFUTURE | ||
| 650 | _aEBUSINESS | ||
| 650 |
_aFACILITIES MANAGEMENT _96240 |
||
| 690 | _aPROPERTY-COMMERCIAL PROPERTY | ||
| 700 | _aHeap, J. | ||
| 942 | _n0 | ||
| 999 |
_c68521 _d68521 |
||